[Event "GEO chT Clubs 2017"]
[Site "Tbilisi"]
[Date "2017.11.29"]
[Round "2"]
[White "Kuchava, Ana"]
[Black "Gvetadze, Sofio"]
[Result "0-1"]
[WhiteElo "2164"]
[BlackElo "2297"]
[Annotator "NA RC"]
[PlyCount "102"]
[EventDate "2017.??.??"]
[EventCountry "GEO"]
[SourceTitle "playchess.com"]
[Source "ChessBase"]
[SourceQuality "1"]

1. d4 Nf6 2. Nf3 g6 3. g3 Bg7 4. Bg2 O-O 5. O-O d6 6. c4 Nbd7 7. Nc3 e5 8. d5 a5 9. h3 {E67: King's Indian: Fianchetto: 6...Nbd7} (9. e4 Nc5 10. Qc2 Nh5 11. Be3 f5 12. exf5 Bxf5 13. Qd2 b6 14. Ng5 Nf6 15. Bxc5 bxc5 16. Bh3 Bxh3 17. Nxh3 Qd7 18. Kg2 Qg4 19. f4 Nh5 20. Rae1 exf4 21. Nxf4 Bh6 22. Nce2 Rae8 23. Qxa5 Bxf4 24. Nxf4 Rxe1 {0-1 (24) Golubov,S (2481)-Gupta,A (2637) Abu Dhabi 2016}) 9... Nc5 10. Be3 Nfd7 11. Qd2 e4 $146 ({Predecessor:} 11... f5 12. Bh6 Nf6 13. Bxg7 Kxg7 14. Rad1 Nfe4 15. Qc1 Bd7 16. Nxe4 Nxe4 {0-1 (40) Wislez,F (2095)-Oberweis,P (2103) Luxembourg 2000}) 12. Nd4 Ne5 13. b3 Re8 14. Nc2 f5 15. Bd4 Bd7 16. f4 exf3 17. exf3 Ned3 18. Bxg7 Kxg7 19. f4 Qf6 20. Rf3 Nb4 21. Nd4 Ne4 $14 ({Black should try} 21... a4 $11) 22. Nxe4 Rxe4 23. Rd1 Rae8 24. a3 Na6 25. Rd3 Nc5 26. Bxe4 Nxd3 27. Nxf5+ Bxf5 28. Bxd3 Bxh3 29. Be2 h5 30. Kh2 Bd7 31. Bf3 b6 32. Kg2 Bf5 33. Kf2 Kf7 34. Qd4 Bc2 35. Qxf6+ Kxf6 36. Rd2 Bxb3 37. Rd4 Bc2 38. Rd2 Bf5 39. Rd4 Rb8 40. Be2 Bd7 41. Rd2 Rh8 42. Bf3 Rh7 43. Rb2 g5 44. fxg5+ Kxg5 45. Rd2 h4 46. Rd1 hxg3+ 47. Kg2 Rh2+ 48. Kg1 Bg4 49. Bxg4 Kxg4 50. Rd4+ Kh3 51. Re4 Rc2 0-1

[Event "GEO chT Clubs 2017"]
[Site "Tbilisi"]
[Date "2017.11.30"]
[Round "2"]
[White "Nachqebia, Luka"]
[Black "Mchedlishvili, Mikheil"]
[Result "0-1"]
[WhiteElo "2057"]
[BlackElo "2604"]
[Annotator "TA"]
[PlyCount "66"]
[EventDate "2017.??.??"]
[EventCountry "GEO"]
[SourceTitle "playchess.com"]
[Source "ChessBase"]
[SourceQuality "1"]

{[%evp 16,66,0,0,-3,-5,-6,-8,0,-8,-4,-10,-4,-8,-11,-12,-10,-33,-3,-65,-65,-69,-60,-73,-56,-72,-66,-73,-88,-78,-55,-103,-92,-116,-108,-112,-114,-126,-27,-32,-30,-33,-42,-270,-287,-422,-442,-397,-390,-466,-404,-863,-323]} 1. e4 c5 2. Nc3 Nc6 3. Nge2 e6 4. g3 Nf6 5. Bg2 Qc7 (5... e5 6. Nd5 d6 7. c3 Bg4 8. h3 Bh5 9. Ne3 Be7 10. d3 Qd7 11. O-O Bd8 12. g4 Bg6 13. f4 exf4 14. Nxf4 {1-0 (52) Ponkratov,P (2607)-Kosteniuk,A (2555) Tallinn 2016}) 6. O-O {B24: Closed Sicilian: 3 g3 sidelines} a6 7. a4 d6 8. d3 Be7 9. h3 {LiveBook: 4 Games} Rb8 10. d4 cxd4 11. Nxd4 O-O 12. Kh2 Nxd4 $146 ({Predecessor:} 12... Bd7 13. f4 Rbc8 14. Nb3 Nb4 15. a5 Bc6 16. Be3 d5 17. e5 Ne4 18. Bb6 Qb8 19. Nxe4 dxe4 20. c4 Nd3 21. Nd4 Be8 {1-0 (31) Hromadka,K-Kottnauer,C Chocen 1942}) 13. Qxd4 b6 14. Be3 Nd7 15. f4 Bb7 16. Rad1 Bc6 17. b4 ({White should try} 17. f5 $11) 17... Rbc8 $15 {[%cal Bb8c8,Bc8c7,Bc7c4,Bc4f4,Bf4h4][%mdl 32]} 18. Bf2 Bb7 $36 {[%mdl 2048] Black fights for an advantage.} 19. Be1 Rfd8 {[#] White must now prevent ...Bf6.} 20. Rf3 Qb8 21. Rfd3 Rc7 22. Qe3 Rdc8 23. g4 h6 24. h4 Rc4 25. g5 hxg5 26. hxg5 {[#]} d5 (26... Nf8 $1 $17 27. Ne2 Rxc2) 27. exd5 $11 Bxg5 $1 28. Bg3 Bxf4 29. Bxf4 $2 (29. dxe6 $15 Nf6 30. exf7+ Kf8 31. Bxf4 Rxf4 32. Rd8+ Kxf7 33. Kg1 Rxd8 34. Rxd8) 29... Rxf4 $19 30. d6 (30. Kg1 $142 Rg4 31. R1d2) 30... Rh4+ 31. Bh3 Rcc4 32. Rg1 Qd8 {Threatens to win with ...Rxh3+!} 33. Qd2 (33. Qg5 $142 Qxg5 34. Rxg5) 33... Ne5 $2 {Precision: White = 40%, Black = 77%.} (33... Rcf4 34. Rdg3 Kf8) 0-1

[Event "GEO chT Clubs 2017"]
[Site "Tbilisi"]
[Date "2017.11.30"]
[Round "2"]
[White "Nachqebia, Luka"]
[Black "Mchedlishvili, Mikheil"]
[Result "*"]
[WhiteElo "2057"]
[BlackElo "2604"]
[Annotator "TA"]
[PlyCount "42"]
[EventDate "2017.??.??"]
[EventCountry "GEO"]
[SourceTitle "playchess.com"]
[Source "ChessBase"]
[SourceQuality "1"]

{[%evp 16,23,6,-14,0,0,0,-10,0,0]} 1. e4 c5 2. Nc3 Nc6 3. Nge2 e6 4. g3 Nf6 5. Bg2 Qc7 (5... e5 6. Nd5 d6 7. c3 Bg4 8. h3 Bh5 9. Ne3 Be7 10. d3 Qd7 11. O-O Bd8 12. g4 Bg6 13. f4 exf4 14. Nxf4 {1-0 (52) Ponkratov,P (2607)-Kosteniuk,A (2555) Tallinn 2016}) 6. O-O {B24: Closed Sicilian: 3 g3 sidelines} a6 7. a4 d6 8. d3 Be7 9. h3 {LiveBook: 4 Games. The position is equal.} Rb8 10. d4 cxd4 11. Nxd4 O-O 12. Kh2 {Predecessor:} Bd7 $146 13. f4 Rbc8 14. Nb3 Nb4 15. a5 Bc6 16. Be3 d5 17. e5 Ne4 18. Bb6 Qb8 19. Nxe4 dxe4 20. c4 Nd3 21. Nd4 Be8 {1-0 (31) Hromadka,K-Kottnauer,C Chocen 1942} *

[Event "GEO chT Clubs 2017"]
[Site "Tbilisi"]
[Date "2017.11.30"]
[Round "2"]
[White "Licheli, Luka"]
[Black "Lortkipanidze, Nodar"]
[Result "0-1"]
[WhiteElo "2028"]
[BlackElo "2225"]
[Annotator "TA"]
[PlyCount "64"]
[EventDate "2017.??.??"]
[EventCountry "GEO"]
[SourceTitle "playchess.com"]
[Source "ChessBase"]
[SourceQuality "1"]

{[%evp 9,64,9,12,14,11,14,18,8,11,22,20,17,13,6,59,12,52,28,82,36,108,94,97,78,110,63,155,24,21,31,70,68,66,51,48,0,0,0,0,0,0,-78,-100,-296,-309,-304,-284,-310,-276,-346,-341,-331,-301,-291,-260,-897,-880]} 1. e4 e5 2. Nc3 Nc6 3. Bc4 d6 4. d3 Be7 (4... Na5 5. Bd5 c6 6. Bxf7+ Kxf7 7. b4 Be6 8. bxa5 Qxa5 9. Nge2 Nf6 10. O-O Be7 11. Bd2 Qc7 12. f4 Rhe8 {0-1 (41) Rogers,I (2548)-Dimakiling,O (2463) Kuala Lumpur 2006}) 5. Nge2 Na5 6. O-O {C25: Wiener Partie} Nxc4 7. dxc4 Be6 $146 ({Vorgänger:} 7... Nf6 8. Ng3 Bg4 9. f3 Be6 10. Qd3 Qd7 11. a4 O-O 12. a5 c6 13. Rd1 h6 14. b3 Rfd8 15. Bb2 Qc7 {½-½ (74) Buchnicek,P (2245)-Borsos,B (2330) Slovakia 1999}) 8. Nd5 {Die Stellung ist ausgeglichen.} c6 9. Nxe7 Nxe7 10. b3 Qc7 11. Qd3 O-O-O (11... f6 $11) 12. Nc3 Qa5 13. Bd2 Qa6 (13... Rd7 $11) 14. Be3 h6 (14... Rd7 $14) 15. a4 $16 {[%cal Ba2a4,Ba4a5][%mdl 32]} Kb8 16. Rfd1 Rd7 17. a5 f5 ({Lieber} 17... g5 $14) 18. f3 ({Besser ist} 18. f4 $16) 18... f4 $11 19. Bf2 g5 20. Na4 $1 {[#] zielt auf Lc5 ab.} c5 $1 21. Qc3 Ng6 22. b4 cxb4 23. Qxb4 Qxc4 24. Qa3 Qa6 $1 25. Rd3 (25. Qb4 $11 {hält das Gleichgewicht.}) 25... Rc8 $17 26. Nb6 $2 (26. Rd2 $17) 26... axb6 $19 27. Rxd6 Rc6 ({Schlechter ist} 27... Rxc2 28. Rxe6 Qxa5 29. Qxa5 $16) 28. Rxc6 bxc6 29. Bxb6 Qe2 {[#] ( -> ...Td2)} 30. Qb4 {beabsichtigt La7+!} Ka8 31. Qc5 Ne7 32. Rf1 $2 (32. Qf2 Qxf2+ 33. Bxf2) 32... Bc4 {Precision: Weiß = 34%, Schwarz = 38%.} 0-1

[Event "GEO chT Clubs 2017"]
[Site "Tbilisi"]
[Date "2017.11.29"]
[Round "2"]
[White "Licheli, Luka"]
[Black "Petriashvili, Nikoloz"]
[Result "0-1"]
[WhiteElo "2028"]
[BlackElo "2180"]
[Annotator "NA RC"]
[PlyCount "106"]
[EventDate "2017.??.??"]
[EventCountry "GEO"]
[SourceTitle "playchess.com"]
[Source "ChessBase"]
[SourceQuality "1"]

1. e4 c5 2. b3 b6 3. g3 {B20: Sicilian: Unusual White 2nd moves} (3. Bb2 Bb7 4. Nc3 e6 5. f4 a6 6. Qe2 Nc6 7. O-O-O b5 8. Nf3 Qa5 9. Kb1 c4 10. d3 cxb3 11. cxb3 Ba3 12. Bxa3 Qxa3 {½-½ (63) Motylev,A (2686)-Moiseenko,A (2707) Yaroslavl 2014}) 3... Bb7 4. Bg2 Nf6 5. Nc3 g6 6. Bb2 Bg7 7. Nd5 $146 ({Predecessor:} 7. Nge2 O-O 8. d3 d6 9. O-O Nc6 10. Nd5 e5 {1-0 (67) Lopatskaya,E (2210)-Kunin,V (2320) Moscow 1996}) 7... O-O 8. Nxf6+ exf6 9. Ne2 d5 10. exd5 Bxd5 11. O-O Bxg2 12. Kxg2 Qd5+ 13. Kg1 Nc6 14. Nf4 Qd7 15. Qf3 Rad8 16. d3 f5 17. Bxg7 Kxg7 18. Rae1 Nd4 19. Qd1 $15 Rfe8 20. Re3 Qc6 21. c3 Nb5 22. Qc2 Qf6 23. Rc1 Rxe3 24. fxe3 Qe5 25. Qd2 Nd6 26. Qf2 Ne8 27. c4 Nf6 28. Rd1 Ng4 29. Qe2 Re8 30. Nd5 Nxe3 31. Nxe3 Qxe3+ 32. Qxe3 Rxe3 33. Kf2 Re7 34. Rb1 Kf6 35. b4 Ke5 36. Ke3 Kd6+ 37. Kf3 cxb4 38. Rxb4 Re1 39. Kf2 Rh1 40. Ra4 Rxh2+ 41. Kf3 a5 42. d4 Rc2 43. Ke3 Rc3+ 44. Kf4 f6 45. g4 fxg4 46. Kxg4 h5+ 47. Kh4 Kc6 48. c5 bxc5 49. dxc5 Rxc5 50. Rd4 Rd5 51. Re4 Kd6 52. a4 Re5 53. Re3 g5+ 0-1

[Event "GEO chT Clubs 2017"]
[Site "Tbilisi"]
[Date "2017.11.30"]
[Round "2"]
[White "Janiashvili, Mariami"]
[Black "Sanikidze, Salome"]
[Result "1/2-1/2"]
[WhiteElo "1995"]
[BlackElo "1876"]
[Annotator "NA RC"]
[PlyCount "56"]
[EventDate "2017.??.??"]
[EventCountry "GEO"]
[SourceTitle "playchess.com"]
[Source "ChessBase"]
[SourceQuality "1"]

1. d4 Nf6 2. Nf3 b6 3. e3 Bb7 4. Bd3 e6 5. O-O Be7 6. c4 O-O 7. b3 d5 8. Bb2 Nbd7 9. Nbd2 Ne4 10. Qc2 f5 11. Ne5 Nxe5 12. dxe5 Nxd2 13. Qxd2 dxc4 14. bxc4 Bc5 15. Kh1 Qg5 16. Rg1 Rad8 17. Qc2 Qh4 18. Rgf1 g5 19. Rad1 Kh8 20. Bxf5 exf5 21. e6+ Kg8 22. Rxd8 Bxg2+ 23. Kxg2 Qg4+ 24. Kh1 Qf3+ 25. Kg1 Qg4+ 26. Kh1 Qf3+ 27. Kg1 Qg4+ 28. Kh1 Qf3+ 1/2-1/2

[Event "GEO chT Clubs 2017"]
[Site "Tbilisi"]
[Date "2017.11.30"]
[Round "2"]
[White "Volkov, Nika"]
[Black "Tsomaia, Nikoloz"]
[Result "1/2-1/2"]
[WhiteElo "1982"]
[BlackElo "2206"]
[Annotator "TA"]
[PlyCount "99"]
[EventDate "2017.??.??"]
[EventCountry "GEO"]
[SourceTitle "playchess.com"]
[Source "ChessBase"]
[SourceQuality "1"]

{[%evp 9,99,-31,-6,-6,6,-25,-14,-16,0,-19,8,-50,-42,-42,-8,-18,-22,-45,-29,-64,-56,-67,-60,-126,-133,-129,-120,-148,-145,-174,-124,-243,-85,-106,-66,-62,-60,-150,-112,-361,-91,-135,-7,-147,-136,-150,-97,-196,-198,-190,-206,-209,-211,-206,-165,-324,-149,-222,-221,-272,-131,-110,-122,-133,-132,-135,-97,-100,-100,-100,-100,-100,-62,-83,-66,-68,-62,-63,-60,-67,-59,-55,0,0,0,-64,-17,-54,-21,-19,-22,-32]} 1. b3 e5 2. d4 (2. Bb2 Nc6 3. e3 a6 4. Nf3 e4 5. Nd4 Nf6 6. Nxc6 dxc6 7. d3 Bf5 8. Be2 Bd6 9. O-O Qe7 10. Nd2 O-O-O 11. Nc4 h5 12. Nxd6+ cxd6 13. dxe4 Bxe4 {0-1 (47) Nakamura,H (2786)-Caruana,F (2802) chess.com INT 2017}) 2... exd4 3. Qxd4 Nc6 4. Qd1 $146 ({Vorgänger:} 4. Qe3+ Qe7 5. Qxe7+ Bxe7 6. Bb2 Nf6 7. a3 d5 8. e3 O-O 9. Bd3 Be6 {½-½ (31) Pap,B (1620)-Kovacs,I (1816) Szekesfehervar 2014}) 4... Qf6 5. c3 Bc5 6. Nf3 {A01: Larsen-Eröffnung} d6 7. g3 Bg4 8. Bg2 Bxf3 9. exf3 Qe6+ 10. Kf1 (10. Qe2 $11) 10... O-O-O $15 11. h4 Re8 12. Bh3 f5 13. Kg2 Nf6 {[%cal Bg8f6,Bf6g4,Bg4e3][%mdl 32]} 14. b4 Bb6 $1 15. a4 a5 $40 {[%mdl 128] Schwarz hat einigen Angriff.} 16. b5 (16. Na3 $15) 16... Ne5 $17 17. Re1 {[#]} Nfg4 $1 {[%mdl 512]} 18. Be3 (18. fxg4 fxg4) 18... Nxe3+ 19. fxe3 Kb8 20. Na3 {[#]} (20. Nd2 $17) 20... Qf6 $2 (20... g5 $1 $19 {[%mdl 512] ist viel giftiger.} 21. hxg5 h6) 21. Qd5 Rhf8 22. f4 Nd7 23. e4 (23. Nc4 $15) 23... Qxc3 24. e5 $2 (24. Qc4 $17 Qd2+ 25. Re2) 24... Nf6 $2 (24... dxe5 $19 25. Qc4 Qd2+ 26. Qe2 Qb4) 25. Qc4 Qb4 ({Besser ist} 25... Qd2+ $17 26. Re2 Qd4 27. Qxd4 Bxd4) 26. Bxf5 (26. Qxb4 $11 axb4 27. exf6 Rxe1 28. Rxe1 bxa3 29. fxg7) 26... dxe5 27. fxe5 {Schwarz sollte Dxb4 verhindern.} g6 (27... Nh5 $142 $1 28. Qxb4 axb4) 28. Bd3 (28. Qxb4 $17 axb4 29. Nc4) 28... Ng4 $19 29. Qxb4 axb4 30. Nc4 Rf2+ $1 31. Kh3 h5 {[%csl Gg4][%cal Rf2h2]} 32. Re2 $2 {[#]} (32. Rh1 {einziger Zug.} Re6 33. Rae1) 32... Bd4 (32... Rd8 $1 $19 {[%cal Rd8d3]} 33. Nxb6 Rxd3 34. Rxf2 Nxf2+ 35. Kg2 Ng4) 33. Rb1 (33. Rc1 $17 {war einen Versuch wert.}) 33... Bc3 ({Und nicht} 33... Nxe5 34. Rxf2 Bxf2 35. Nxe5 $11) ({Auf keinen Fall} 33... Bxe5 34. Rc1) 34. a5 Rxe2 ({Schwächer ist} 34... Bxe5 {[#]} 35. Rbb2 $1 $15 {[%mdl 512]}) (34... Rd8 $19 {bietet bessere Gewinnchancen.} 35. e6 Bf6) 35. Bxe2 $17 Nxe5 36. Nxe5 Rxe5 $19 {[%mdl 4096] Endspiel KTL-KTL} 37. Bd3 Ka7 38. b6+ cxb6 39. axb6+ Kxb6 40. Bxg6 Kc5 41. Kg2 Kd4 42. Kf2 Bd2 {zielt auf ...Kc3 ab.} 43. Rb3 $1 {[%cal Rb3d3] Und Td3+ würde nun gewinnen.} Be1+ 44. Kf3 Bc3 45. Rb1 Re3+ (45... Bd2 $15 46. Rb3 Bc3) 46. Kf2 $1 $11 {Droht stark Td1+.} Re5 (46... Re6 $11 47. Bxh5 Kd3) 47. Kf3 $15 b6 48. Rd1+ Kc4 49. Bf7+ Kc5 50. Kf4 {Precision: Weiß = 33%, Schwarz = 39%.} 1/2-1/2

[Event "GEO chT Clubs 2017"]
[Site "Tbilisi"]
[Date "2017.11.30"]
[Round "2"]
[White "Bechvaia, Giorgi"]
[Black "Sturua, Zurab"]
[Result "*"]
[WhiteElo "1934"]
[BlackElo "2536"]
[Annotator "TA"]
[PlyCount "37"]
[EventDate "2017.??.??"]
[EventCountry "GEO"]
[SourceTitle "playchess.com"]
[Source "ChessBase"]
[SourceQuality "1"]

{[%evp 18,19,28,44]} 1. d4 Nf6 2. Bg5 Ne4 3. Bf4 c5 4. f3 Qa5+ 5. c3 Nf6 6. Nd2 cxd4 7. Nb3 Qf5 8. Bxb8 Rxb8 9. Qxd4 b6 10. e4 {Predecessor:} Qf4 $146 11. Nh3 Qc7 12. e5 Ng8 13. O-O-O e6 14. f4 Ne7 15. Ng5 Bb7 16. Bd3 Bxg2 17. Rhg1 Bd5 18. Nxh7 Rxh7 19. Bxh7 {0-1 (43) Short,N (2685)-Ivanchuk,V (2741) Havana 2010} *

[Event "GEO chT Clubs 2017"]
[Site "Tbilisi"]
[Date "2017.11.30"]
[Round "2"]
[White "Bechvaia, Giorgi"]
[Black "Sturua, Zurab"]
[Result "0-1"]
[WhiteElo "1934"]
[BlackElo "2536"]
[Annotator "TA"]
[PlyCount "108"]
[EventDate "2017.??.??"]
[EventCountry "GEO"]
[SourceTitle "playchess.com"]
[Source "ChessBase"]
[SourceQuality "1"]

{[%evp 24,108,52,27,37,14,45,20,34,38,32,28,42,10,7,-120,-114,-107,-101,-132,-135,-139,-112,-175,-173,-193,-193,-179,-191,-190,-155,-167,-158,-167,-165,-156,-149,-175,-175,-177,-175,-175,-175,-184,-175,-224,-164,-229,-177,-211,-164,-175,-169,-200,-154,-154,-151,-155,-151,-195,-175,-277,-270,-265,-244,-327,-327,-332,-305,-316,-320,-322,-316,-506,-508,-714,-644,-1101,-1043,-1003,-802,-916,-598,-6701,-5602,-5808,-5625]} 1. d4 Nf6 2. Bg5 Ne4 3. Bf4 c5 4. f3 Qa5+ 5. c3 Nf6 6. Nd2 cxd4 7. Nb3 Qf5 8. Bxb8 Rxb8 9. Qxd4 b6 10. e4 Qf4 11. Nh3 Qc7 {A45: Trompowsky Attack} 12. e5 Ng8 13. Bd3 {LiveBook: 4 Games} (13. O-O-O e6 14. f4 Ne7 15. Ng5 Bb7 16. Bd3 Bxg2 17. Rhg1 Bd5 18. Nxh7 Rxh7 19. Bxh7 {0-1 (43) Short,N (2685)-Ivanchuk,V (2741) Havana 2010}) 13... e6 {White has an edge.} 14. f4 $146 ({Predecessor:} 14. Ng5 Ne7 15. Qf4 f5 16. Bb5 Nc6 17. Nd4 Qxe5+ 18. Qxe5 Nxe5 19. Ngxe6 {1-0 (47) Usmanov,V (2432)-Bykov,O (2332) Moscow 2017}) 14... Nh6 (14... Bc5 $5 15. Nxc5 bxc5 $11) 15. O-O Bb7 16. Ng5 Be7 17. Rae1 ({Avoid the trap} 17. Bxh7 $2 g6 $19) 17... g6 18. Ne4 Nf5 19. Nd6+ (19. Qf2 $11 {remains equal.}) 19... Qxd6 $1 $17 20. exd6 Nxd4 21. Nxd4 Bxd6 22. Nb5 Ke7 23. Rd1 (23. Nxd6 $17 Kxd6 24. g3) 23... Bc5+ $19 24. Kh1 a6 25. Nd4 Bxd4 26. cxd4 Rbc8 27. Kg1 a5 28. Kf2 Bd5 29. a3 f5 30. g3 h6 31. Rfe1 Kd6 32. Rc1 g5 33. Rxc8 Rxc8 {[%mdl 4096] Endgame KRB-KRB} 34. Ke3 Ke7 35. Rg1 (35. Kf2 $142) 35... Kf6 36. Rf1 Rg8 37. Rc1 gxf4+ 38. Kxf4 Rg4+ 39. Ke3 {[#]} f4+ $1 {[%mdl 512]} 40. gxf4 Rh4 41. Rc8 Rxh2 42. b4 (42. Rh8 $142) 42... Ra2 43. bxa5 bxa5 44. Rh8 Rxa3 45. Kd2 Ra2+ 46. Kc3 Rh2 47. Bb5 d6 48. Rd8 $2 (48. Rf8+ Ke7 49. Re8+ Kf7 50. Rd8) 48... h5 {[%cal Bh6h5,Bh5h4,Bh4h3,Bh3h2][%mdl 32] Black is clearly winning.} 49. Rxd6 h4 50. Bc6 Bxc6 51. Rxc6 h3 52. d5 Re2 {[#] Hoping for ...h2.} 53. Kd3 h2 54. Rc1 Rg2 {Precision: White = 32%, Black = 74%.} 0-1

[Event "GEO chT Clubs 2017"]
[Site "Tbilisi"]
[Date "2017.11.30"]
[Round "2"]
[White "Tevzadze, Mariam"]
[Black "Kuchava, Ana"]
[Result "0-1"]
[WhiteElo "1898"]
[BlackElo "2164"]
[Annotator "TA"]
[PlyCount "84"]
[EventDate "2017.??.??"]
[EventCountry "GEO"]
[SourceTitle "playchess.com"]
[Source "ChessBase"]
[SourceQuality "1"]

{[%evp 27,84,0,0,-19,-28,-27,-25,-25,-21,-18,-18,-27,-30,-26,5,-66,0,0,0,0,0,-41,-19,-23,0,-11,-13,-178,-173,-242,-231,-302,-316,-308,-197,-257,-272,-934,-951,-1189,-1093,-2866,-1506,-6085,-6054,-29982,-29983,-29983,-29984,-29992,-29986,-29986,-29984,-29984,-29975,-29981,-29981,-29982,-29983]} 1. d4 Nf6 2. c4 e6 3. Nf3 b6 4. a3 Bb7 5. Nc3 d5 6. Qa4+ c6 7. cxd5 Nxd5 8. e4 Nxc3 9. bxc3 Be7 10. Be3 O-O 11. Bd3 c5 12. Qc2 cxd4 13. cxd4 Nc6 14. O-O Rc8 {[#] LiveBook: 3 Games. Hoping for ...Nxd4. E12: Queen's Indian: Unusual White 4th moves, 4 a3, 4 Nc3 Bb7 5 a3 and 4 Nc3 Bb7} 15. Qb2 (15. Qe2 Na5 16. Nd2 Rc3 17. d5 exd5 18. Bd4 Rc7 19. e5 Nc6 20. Nf3 Bc5 21. Bxc5 bxc5 22. Qc2 {0-1 (31) Girya,O (2456)-Popov,I (2650) Minsk 2015}) 15... Na5 16. Rfc1 Rxc1+ {Black has an edge.} 17. Rxc1 Qa8 18. Nd2 Rc8 $146 19. f3 Rxc1+ 20. Qxc1 Qc8 21. Qb2 ({Better is} 21. Qxc8+ $11 Bxc8 22. a4) 21... h6 (21... Ba6 $15 22. Bxa6 Qxa6) 22. a4 $11 Bc6 23. Bb5 Qd7 24. e5 Qd5 25. Kf2 Bxb5 26. axb5 Nc4 27. Qb3 $2 {[#]} (27. Nxc4 $11 {and White is okay.} Qxc4 28. Qe2) 27... Na3 $1 $19 ({Weaker is} 27... Nxe3 28. Kxe3 Bg5+ 29. Kd3 $11) 28. Qa4 (28. Qxd5 $142 exd5 29. Ke2) 28... Nxb5 29. Ne4 a5 30. g4 Kh8 31. Kg3 (31. Kg2 $142) 31... Bb4 32. Bxh6 $2 (32. h4) 32... gxh6 33. Kh4 Kg7 34. g5 hxg5+ 35. Kh5 Nc3 36. Qc2 Nxe4 {Black mates.} 37. fxe4 Qxd4 38. h4 Qxe5 39. Qg2 Qf6 40. hxg5 Qg6+ 41. Kh4 Bc3 42. Qc2 Be5 {Precision: White = 24%, Black = 57%.} 0-1

[Event "GEO chT Clubs 2017"]
[Site "Tbilisi"]
[Date "2017.11.29"]
[Round "2"]
[White "Tevzadze, Mariam"]
[Black "Arabidze, Meri"]
[Result "1-0"]
[WhiteElo "1898"]
[BlackElo "2378"]
[Annotator "TA"]
[PlyCount "75"]
[EventDate "2017.??.??"]
[EventCountry "GEO"]
[SourceTitle "playchess.com"]
[Source "ChessBase"]
[SourceQuality "1"]

{[%evp 9,75,-4,20,14,35,20,47,35,45,33,28,-6,2,-43,-32,-39,-17,-25,-34,-37,0,-75,-75,-89,-90,-91,-54,-56,-54,-61,-55,-53,-54,-52,-58,-52,-56,-56,-64,-50,-8,-8,-17,-8,0,-39,0,0,9,0,0,0,0,0,69,32,32,28,144,151,332,98,164,161,159,164,180,0]} 1. d4 d5 2. Nc3 Nf6 3. Bf4 c6 4. Qd3 (4. e3 Bf5 5. f3 e6 6. g4 Bg6 7. h4 h5 8. g5 Nfd7 9. Bd3 Bxd3 10. Qxd3 g6 11. Nge2 Bg7 12. Bd6 {1-0 (49) Grandelius,N (2643)-Bologan,V (2640) Doha 2016}) 4... g6 5. f3 Bg7 6. e4 {D00: 1 d4 d5: Unusual lines} dxe4 7. fxe4 Nh5 8. Be3 {White is slightly better.} e5 {[%cal Re5d4]} 9. d5 O-O $146 ({Predecessor:} 9... cxd5 10. Nxd5 Nc6 11. O-O-O O-O {1-0 (39) Lazarte Anello,D (2052)-Burkevica,I (1794) Calvia 2016}) 10. dxc6 Nxc6 11. Qxd8 Rxd8 12. Nf3 Nd4 13. Bxd4 exd4 14. Nd5 Bg4 15. h3 (15. O-O-O $11) 15... Ng3 $17 16. hxg4 {Hoping for Rh4.} Nxh1 17. Bd3 Kf8 18. Ke2 Ng3+ 19. Kf2 {[#]} Nxe4+ $1 {[%mdl 512]} 20. Bxe4 f5 $1 {[%cal Rf5e4]} 21. gxf5 gxf5 22. Bxf5 {Strongly threatening Nc7.} Rxd5 23. Bxh7 Rb5 24. b3 Ra5 {And now ...d3! would win.} (24... d3 $5 {[%cal Rg7a1]} 25. Rc1 dxc2 26. Rxc2 Bh6 $17) 25. Bd3 Rc8 26. g4 Bf6 27. Kg3 Rc7 (27... Rxc2 $5 28. Bxc2 d3 $17) 28. Rf1 Ke7 29. Kf4 Rxa2 30. g5 Bg7 31. Nh4 Rc5 (31... Ra5 $11) 32. Nf5+ {[%mdl 1024] White has compensation.} Kf8 33. Kg4 Be5 (33... Rc7 $11 {remains equal.}) 34. Nh6+ $16 ({Don't take} 34. Nxd4+ $6 Kg8 $14) 34... Ke8 $2 (34... Ke7 $16 {keeps fighting.}) 35. g6 $2 (35. b4 $18 Rcxc2 36. Bxc2) 35... Bg7 (35... Bh8 $16) 36. Nf5 $18 {White is clearly better.} Kf8 {[#]} 37. Ng3+ $1 Ke8 {[#]} 38. Nf5 $2 {[%mdl 32768] Precision: White = 49%, Black = 29%. . Loss on Time!?} (38. Rf7 $1 $18 {[%cal Rf7g7]} Be5 39. Ne4 (39. Rxb7 a5 $18)) 1-0

[Event "GEO chT Clubs 2017"]
[Site "Tbilisi"]
[Date "2017.11.30"]
[Round "2"]
[White "Zardiashvili, Akaki"]
[Black "Tutisani, Noe"]
[Result "0-1"]
[WhiteElo "1880"]
[BlackElo "2361"]
[Annotator "TA"]
[PlyCount "84"]
[EventDate "2017.??.??"]
[EventCountry "GEO"]
[SourceTitle "playchess.com"]
[Source "ChessBase"]
[SourceQuality "1"]

{[%evp 13,84,-14,-13,-26,-17,-82,-71,-61,-59,-81,-70,-61,-72,-141,-52,-50,-54,-145,-143,-269,-251,-285,-266,-541,-523,-497,-514,-537,-544,-616,-468,-472,-472,-482,-459,-469,-465,-474,-441,-499,-441,-591,-585,-584,-519,-627,-653,-739,-722,-771,-581,-847,-695,-680,-691,-682,-683,-789,-810,-819,-809,-853,-813,-980,-972,-965,-829,-901,-890,-1153,-1102,-1823,-1294]} 1. e4 c5 2. b4 cxb4 3. a3 e6 4. axb4 Bxb4 5. c3 Be7 6. d4 d6 7. Bd3 Nf6 {[%cal Bg8f6,Bf6d7,Bd7c5][%mdl 32] LiveBook: 5 Games. B20: Sicilian: Unusual White 2nd moves} 8. Nf3 (8. Ne2 Nc6 9. O-O O-O 10. Nd2 e5 11. f4 Bg4 12. d5 Nb8 13. f5 Nbd7 14. h3 Bxe2 15. Qxe2 {½-½ (63) Bonafede,A (2310)-Caruana,F (2709) Siena 2010}) 8... O-O 9. e5 $146 (9. O-O $11) ({Predecessor:} 9. O-O Nc6 10. Ba3 b6 11. c4 e5 12. d5 Na5 13. Nc3 Bg4 14. h3 Bh5 {0-1 (60) Langheld,W (1943)-Bohme,S (2247) GER email 2011}) 9... dxe5 $17 {Black is better.} 10. dxe5 Nfd7 11. Qe2 Nc5 12. Bc2 b6 13. h4 (13. O-O $142) 13... h6 (13... a5 $17 14. O-O Nc6) 14. Rh3 f5 $36 {[%mdl 2048] aiming for ...Nc6. Black has the initiative.} 15. Nd4 ({Better is} 15. exf6 $1 $15 Bxf6 16. Ba3) 15... Qd5 ({Much less strong is} 15... Bxh4 16. Qh5 $15) 16. Bxh6 (16. Kf1 $17 {was worth a try.}) 16... gxh6 $19 17. Rg3+ {[#]} Kh7 $1 18. Qg4 $2 (18. Qh5 {is a better defense.} Qxe5+ 19. Ne2) 18... Qxe5+ {Black is clearly winning.} 19. Kf1 {Qg6+ would kill now.} Qf6 20. Nd2 Bd6 21. f4 h5 22. Qxh5+ Qh6 23. Qxh6+ Kxh6 24. Rf3 Bb7 25. Rf2 Nbd7 26. Nc4 Be7 27. Ne3 Bxh4 28. Rd2 Be4 29. Bd1 e5 30. fxe5 Nxe5 31. Kg1 f4 32. Nf1 Nc4 33. Rda2 a5 34. Nh2 Rae8 35. Bf3 Bg3 36. Nf1 Bxf3 37. Nxf3 Ne4 38. Nxg3 Nxg3 39. Rd1 Rd8 40. Rb1 Rf6 41. Kh2 Kg7 {[#] Hoping for ...Rh6+.} 42. Kg1 Rh8 {Precision: White = 19%, Black = 67%.} 0-1